Das Dorf diesseits und jenseits der Grenze
| Titel: | Das Dorf diesseits und jenseits der Grenze |
|---|---|
| Verfasser: | |
| In: |
Seliger-Gemeinde: Sudeten-Jahrbuch der Seliger-Gemeinde, Band 49 (2000), Seite 118-121 alle Artikel anzeigen |
| Veröffentlicht: | 2000 [1999] |
| Format: | Aufsatz |
| Sprache: | Deutsch |
X
alg: 39153809 001A $01999:11-11-16 001B $01999:23-03-21 $t21:44:11.000 001D $01999:11-11-16 001U $0utf8 001X $00 002@ $0Aox 003@ $0391538098 007A $0391538098 $aHEB 007T $0Herd48138 010@ $ager 011@ $a2000 $n2000 [1999] 021A $aDas @Dorf diesseits und jenseits der Grenze 028A $aRaim $dErnst 031A $d49 $h118-121 $j2000 039B $aIn $8--Abvc--Seliger-Gemeinde [Tb1]. Sudeten-Jahrbuch der Seliger-Gemeinde. - München : Die Brücke, 1952-2003 $x200000000490000882 $9047713011 045F $a900.9437109041 $eDDC23BSB 045F/01 $a900 045F/03 $f09041 045F/03 $f09042 045F/03 $f09043 045F/03 $g4371 lok: 39153809 78 exp: 39153809 78 1 #EPN 201B/01 $026-11-17 $t00:41:53.000 201U/01 $0utf8 203@/01 $0787632279 208@/01 $a11-11-16 $be 209A/01 $a/ $f000 $x00 220C/01 $aTitelaufnehmer: rb 244Z/01 $#Tschechien $#Tschechische Republik $#Tschechische Republik $#Tschechenland $#Tschechei Tschechien $#Česká Republika $#Czech Republic $#ČR $74303381-7 $8--Tg1--Tschechien $x01 $9086659812 244Z/01 $2Trx $#Böhmen $#Bohemia $#Czechy $8--Trx--Čechy $x02 $9391188941 244Z/01 $2Trx $#Weigsdorf Friedland $#Veigsdorf $8--Trx--Višňová$gLiberec $x03 $9391163493 244Z/01 $aGeschichte 1918-1945 $x04 244Z/01 $2Trx $#suhted, Saksa-Tšehhi $#santykiai, čekų ir vokiečių $#relations, Czech-German $#kapcsolatok, cseh-német $#stosunki czesko-niemieckie $#vzťahy česko-nemecké $#vztahy česko-německé $#Beziehungen, böhmisch-deutsche $8--Trx--Beziehungen, deutsch-tschechische $x05 $939137205X 244Z/01 $2Trx $#ülevaated kohad $#vietovės bendras $#overview cities $#ábrázolások, átfogó helyek $#miejscowości poszczególne $#dejiny miestne $#dějiny místní $#Ortsgeschichte $#Städte $#Orte $#miasta $#miestne dejiny $8--Trx--Darstellungen, übergreifende$gOrte $x06 $9391384228 244Z/01 $2Trx $8--Trx--Zeitschriftenaufsatz $x07 $9391384341 245Z/01 $a13.03 $x01 245Z/01 $a06.04.02 $x02 247C/01 $82080>Marburg/Lahn, Herder-Institut, Forschungsbibliothek, Bibliographieportal $9336309341
| LEADER | 00000caa a22000002c 4500 | ||
|---|---|---|---|
| 001 | 391538098 | ||
| 003 | DE-603 | ||
| 005 | 20210323214411.0 | ||
| 007 | tu | ||
| 008 | 161111s2000 xx |||| | u00||u|ger c | ||
| 035 | |a (DE-599)HEB391538098 | ||
| 040 | |a DE-603 |b ger |c DE-603 |d DE-603 | ||
| 041 | |a ger | ||
| 082 | 0 | 4 | |8 1\u |a 900.9437109041 |q DE-101 |2 23/BSB |
| 085 | |8 1\u |b 900 | ||
| 085 | |8 1\u |z 1 |s 09041 | ||
| 085 | |8 1\u |z 1 |s 09042 | ||
| 085 | |8 1\u |z 1 |s 09043 | ||
| 085 | |8 1\u |z 2 |s 4371 | ||
| 100 | 1 | |a Raim, Ernst | |
| 245 | 0 | 0 | |a Das Dorf diesseits und jenseits der Grenze |
| 264 | 0 | |c 2000 [1999] | |
| 773 | 0 | 8 | |i In |a Seliger-Gemeinde |t Sudeten-Jahrbuch der Seliger-Gemeinde |d München : Die Brücke, 1952-2003 |h 21 cm |g Band 49 (2000), Seite 118-121 |w (DE-603)047713011 |w (DE-600)511910-8 |
| 924 | 0 | |9 2080 |a (DE-603)787632279 |b DE-2080 |c HES |d d |g / | |


